000 01054nam a22002417a 4500
003 UA-OsUOA
001 47991
007 ta
008 20121113b un ||||| |||| 00| 0 ukr d
100 _aБажанський М.
090 _a030
_bБ16
942 _cBK
040 _aUA-OsUOA
_bukr
_cUA-OsUOA
_dUA-OsUOA
245 _aТворчий динамізм патріотизму
_bвід перших проявів організованих суспільних гуртків, церковних братств, ремісничих цехів - аж до "Січей", "Соколів", "Просвіт", "Рідних шкіл" та бойових формацій і політичних партій. Гаслова еницлопед
300 _a253 с.
955 _a4
041 _aukr
080 _a030
260 _aДітройт
_c1983
650 7 _a030 Загальні довідкові праці
_2UDC
999 _c428080
_d428080